ALL One Direction Songs - Statistics

General Stats
  • This quiz has been taken 113 times
  • The average score is 61 of 90
Answer Stats
Hint Answer % Correct
G1 1 What Makes You Beautiful
94%
G1 5 Up All Night
92%
G1 3 One Thing
89%
G1 9 I Want
86%
G9 13 History
84%
G3 2 Kiss You
84%
G5 4 Midnight Memories
84%
G10 17 A.M.
81%
G5 1 Best Song Ever
81%
G3 1 Live While We’re Young
81%
G5 2 Story of My Life
81%
G5 3 Diana
80%
G7 7 Night Changes
80%
G7 1 Steal My Girl
80%
G9 2 Drag Me Down
78%
G1 6 I Wish
78%
G3 3 Little Things
78%
G1 2 Gotta Be You
77%
G7 8 No Control
77%
G9 3 Perfect
77%
G5 5 You & I
77%
G5 10 Little Black Dress
75%
G1 4 More Than This
75%
G9 9 Olivia
75%
G3 9 I Would
73%
G1 8 Taken
73%
G3 5 Last First Kiss
72%
G2 17 Na Na Na
72%
G8 13 Change Your Ticket
70%
G7 6 Fool’s Gold
70%
G5 8 Happily
70%
G5 13 Little White Lies
70%
G2 15 Moments
70%
G3 7 Rock Me
70%
G3 13 Summer Love
70%
G10 16 Wolves
70%
G7 4 18
69%
G7 9 Fireproof
69%
G9 1 Hey Angel
69%
G5 7 Strong
69%
G7 3 Where Do Broken Hearts Go
69%
G8 16 Act My Age
67%
G9 5 End of the Day
67%
G9 6 If I Could Fly
67%
G9 12 I Want to Write You a Song
67%
G11 One Way or Another (Teenage Kicks)
67%
G7 11 Stockholm Syndrome
67%
G9 4 Infinity
66%
G2 18 I Should Have Kissed You
66%
G4 19 Magic
64%
G3 12 They Don’t Know About Us
64%
G10 15 Walking in the Wind
64%
G6 17 Alive
63%
G9 8 Never Enough
63%
G7 2 Ready to Run
63%
G1 11 Same Mistakes
63%
G5 11 Through The Dark
63%
G2 16 Another World
61%
G3 8 Change My Mind
61%
G7 12 Clouds
61%
G5 6 Don’t Forget Where You Belong
61%
G7 5 Girl Almighty
61%
G6 18 Half a Heart
61%
G4 18 Truly Madly Deeply
61%
G3 4 C’mon, c’mon
59%
G8 14 Illusion
59%
G4 20 Irresistible
59%
G4 15 Loved You First
59%
G2 14 Stand Up
59%
G1 7 Tell Me a Lie
59%
G6 16 Does He Know?
58%
G9 11 Love You Goodbye
58%
G8 15 Once in a Lifetime
58%
G3 10 Over Again
58%
G4 14 She’s Not Afraid
58%
G1 13 Stole My Heart
58%
G10 14 Temporary Fix
58%
G1 10 Everything About You
56%
G5 9 Right Now
56%
G1 12 Save You Tonight
56%
G5 12 Something Great
56%
G3 11 Back For You
55%
G5 14 Better Than Words
55%
G3 6 Heart Attack
55%
G7 10 Spaces
55%
G6 15 Why Don’t We Go There?
55%
G9 7 Long Way Down
52%
G9 10 What a Feeling
52%
G4 17 Still the One
50%
G4 16 Nobody Compares
44%
No matching quizzes found
Score Distribution
Percent of People with Each Score
Percentile by Number Answered
Your Score History
You have not taken this quiz